000 00390nam a2200145 a 4500
001 19428
005 20180713212851.0
008 140415s1974 000 0 spa d
041 _aspa
082 _a808.879
_bMEX
245 0 0 _aMEXICO PELADO ... ­PERO SABROSO!
260 _a[s.l.] :
_bDIANA,
_c1974
300 _a222
650 1 4 _aHUMORISMO MEXICANO
_xLITERATURA MEXICANA
999 _c19428
_d19428